000 00618nam a2200145Ia 4500
008 090124s9999 xx 000 0 und d
082 _b33722
245 _a शोध अलौकिक विचारांचा - नवनिर्मितीचा
250 _a1
260 _bआलेगावकर पद्माकर महादेव
_c2006
300 _a162
630 _a शोध अलौकिक विचारांचा - नवनिर्मितीचा
730 _a शोध अलौकिक विचारांचा - नवनिर्मितीचा
942 _cBOOK
999 _c182068
_d182068